Normal view
MARC view
Entry Personal Name
001 - CONTROL NUMBER
- control field: 22105
003 - CONTROL NUMBER IDENTIFIER
- control field: ARRUPE
005 - DATE AND TIME OF LATEST TRANSACTION
- control field: 20160209113406.0
008 - FIXED-LENGTH DATA ELEMENTS
- fixed length control field: 160209|| aca||aabn | a|a d
040 ## - CATALOGING SOURCE
- Original cataloging agency: ARRUPE
- Transcribing agency: ARRUPE
100 ## - HEADING--PERSONAL NAME
- Personal name: Woronin, U. G. de.
670 ## - SOURCE DATA FOUND
- Source citation: Work cat.: (ARRUPE)0: Woronin, U. G. de., Zambezi trails :, [1976]